| 000 | 01006nam a2200265 a 4500 | ||
|---|---|---|---|
| 001 | 77581 | ||
| 003 | BD-RjUL | ||
| 005 | 20211209083010.0 | ||
| 008 | 201201s1998 b a|||| m||| 00| 0 eng d | ||
| 035 | _a(BD-RjUL)77807 | ||
| 040 |
_aBD-RjUL _beng _dBD-RjUL |
||
| 041 | _aeng | ||
| 082 |
_223 _a305.42095492 _bMOR 1998 |
||
| 100 |
_aMoin, Julia _9242200 |
||
| 245 | 1 | 4 |
_aThe Role and Status of Rural Working Women in Bangladesh : _bA case Study / _cJulia Moin ; _6Supervisor: Kazi Tobarak Hossain |
| 260 |
_aRajshahi : _bDepartment of Sociology, University of Rajshahi, _c1998 |
||
| 300 |
_axi, 171 Leaves : _bIll. ; _c29 cm |
||
| 502 | _aThesis (M. Phil.) -- Department of Sociology, University of Rajshahi, 1998 | ||
| 504 | _aReferences : Leaves [150]-158 | ||
| 650 |
_aWomen workers _yBangladesh _9242726 |
||
| 650 |
_aWomen _zBangladesh _xSocial conditions. _9242727 |
||
| 650 |
_aWomen in Development _zBangladesh _9242813 |
||
| 700 |
_aHossain, Kazi Tobarak, Supervisor _9242819 |
||
| 942 |
_2ddc _cTHE |
||
| 999 |
_c77581 _d77581 |
||